• 首页
  • 本馆介绍
  • 公告通知
  • 最新文献
  • 馆藏检索
  • 电子资源
  • 读者导购
  • 参考咨询
  • 我的图书馆
  • 登录
  • 详细信息显示
  • 放入我的书架
  • 预约/预借图书
  • 作者相关作品
  • 分类相关作品
  • 丛书相关作品
  • 出版社相关作品

书目信息

  • 表格格式
  • 工作单格式
  • 卡片格式
题名:
中国白瓷鉴定
    
 
作者: 草千里 编著
分册:  
出版信息: 杭州   浙江大学出版社  2004
页数: 186页
开本: 20cm
丛书名: 中国收藏鉴赏丛书
单 册:
中图分类: K876.34
科图分类:
主题词: 白瓷(考古)--鉴定--中国--古代
电子资源:
ISBN: 7-308-03495-X
000 00768oam2 2200241 45
001 002661864
005 20050323093631.2
010    @a7-308-03495-X@dCNY50.00
100    @a20040611d2004 em y0chiy0110 ea
101 0  @achi
102    @aCN@b330000
105    @aa z 000yy
200 1  @a中国白瓷鉴定@Azhong guo bai ci jian ding@f草千里编著@FCao Qian Li Bian Zhu
210    @a杭州@c浙江大学出版社@d2004
215    @a186页@d20cm
225 2  @a中国收藏鉴赏丛书
330    @a本书内容包括白瓷圭臬数定窑、定窑白瓷、色定瓷器以及定窑旁窑系白瓷四大部分,并配有彩色图片。
410    @12001 @a中国收藏鉴赏丛书
606 0  @a白瓷(考古)@x鉴定@y中国@z古代
690    @aK876.34@v4
701  0 @a草千里@4编著
801  0 @aCN@bNLC@c20040701
905    @b345732-734@dK876.34@e151@f3
    
    中国白瓷鉴定/草千里编著.-杭州:浙江大学出版社,2004
    186页;20cm.-(中国收藏鉴赏丛书)
    
    
    ISBN 7-308-03495-X:CNY50.00
    本书内容包括白瓷圭臬数定窑、定窑白瓷、色定瓷器以及定窑旁窑系白瓷四大部分,并配有彩色图片。
●
相关链接 在E读中查询图书 在五车中查询图书 在当当中查询图书 在豆瓣中查询图书


正题名:中国白瓷鉴定     索取号:K876.34/151         预约/预借

序号 登录号 条形码 馆藏地/架位号 状态 备注
1 0345732   203457320   第二样本阅览室/ [索取号:K876.34/151] 在馆    
2 0345733   203457339   第二借阅区/ [索取号:K876.34/151] 在馆    
3 0345734   203457348   第二借阅区/ [索取号:K876.34/151] 在馆    
唐山师范学院图书馆 欢迎您!
大连网信软件有限公司© 版权所有